Chaline, Olivier. La reconquête catholique de l'Europe centrale. - Paris : Ed. du Cerf. - 1998 [Rezension]
| Titel: | Chaline, Olivier. La reconquête catholique de l'Europe centrale. - Paris : Ed. du Cerf. - 1998 [Rezension] |
|---|---|
| Verfasser: | |
| In: |
Revue historique, Band 123 / 301 (1999), Seite 623-625 alle Artikel anzeigen |
| Veröffentlicht: | 1999 |
| Format: | Aufsatz |
| Sprache: | Französisch |
X
alg: 39504659 001A $01999:12-11-16 001B $01999:04-08-21 $t21:03:04.000 001D $01999:12-11-16 001U $0utf8 001X $00 002@ $0Aox 003@ $0395046599 007A $0395046599 $aHEB 007T $0Herd14638 010@ $afre 011@ $a1999 021A $aChaline, Olivier. La @reconquête catholique de l'Europe centrale. - Paris : Ed. du Cerf. - 1998 [Rezension] 028A $aMichaud $dClaude 031A $d123 / 301 $h623-625 $j1999 039B $aIn $8--Abvc--. Revue historique. - Paris : Presses Univ. de France, 1876-. - ISSN 0035-3264 $x199900001230000377 $9047310693 039T $8--Aau--Chaline, Olivier$Z1964- [Tp3]. La @reconquête catholique de l'Europe centrale. - Paris : Ed. du Cerf, 1998. - 158 S.. - ISBN 2-204-05838-6 $909048357X 045F $a900.94371 $eDDC23BSB 045F/01 $a900 045F/03 $g4371 045F/03 $g437 045T $a8 lok: 39504659 78 exp: 39504659 78 1 #EPN 201B/01 $026-11-17 $t03:55:29.000 201U/01 $0utf8 203@/01 $0791345203 208@/01 $a12-11-16 $be 209A/01 $a/ $f000 $x00 220C/01 $aTitelaufnehmer: nk 244Z/01 $2Trx $#Kesk- ja Ida- Euroopa kontseptsioonid $#Vidurio Europos koncepcijos $#East-Central Europe $#Keletközépeurópa-eszmék $#Europa Środkowo-Wschodnia koncepcje $#Európa stredovýchodná koncepcie $#Evropa střední, východní část koncepce $#Mitteleuropa $#Osteuropakonzeptionen $#Europa Środkowa koncepcje $#Stredná Európa koncepcie $#Střední Europa koncepce $8--Trx--Ostmitteleuropakonzeptionen $x01 $9391364286 244Z/01 $#Tschechien $#Tschechische Republik $#Tschechische Republik $#Tschechenland $#Tschechei Tschechien $#Česká Republika $#Czech Republic $#ČR $74303381-7 $8--Tg1--Tschechien $x02 $9086659812 244Z/01 $2Trx $#Böhmen $#Bohemia $#Czechy $8--Trx--Čechy $x03 $9391188941 244Z/01 $2Trx $#arvustused $#recenzijos $#Reviews $#recenziók $#recenzje $#recenzie $#recenze $8--Trx--Rezensionen $x04 $9391357441 247C/01 $82080>Marburg/Lahn, Herder-Institut, Forschungsbibliothek, Bibliographieportal $9336309341
| LEADER | 00000caa a22000002c 4500 | ||
|---|---|---|---|
| 001 | 395046599 | ||
| 003 | DE-603 | ||
| 005 | 20210804210304.0 | ||
| 007 | tu | ||
| 008 | 161112s1999 xx |||| | u00||u|fre c | ||
| 035 | |a (DE-599)HEB395046599 | ||
| 040 | |a DE-603 |b ger |c DE-603 |d DE-603 | ||
| 041 | |a fre | ||
| 082 | 0 | 4 | |8 1\u |a 900.94371 |q DE-101 |2 23/BSB |
| 084 | |a 8 |2 ssgn | ||
| 085 | |8 1\u |b 900 | ||
| 085 | |8 1\u |z 2 |s 4371 | ||
| 085 | |8 1\u |z 2 |s 437 | ||
| 100 | 1 | |a Michaud, Claude | |
| 245 | 0 | 0 | |a Chaline, Olivier. La reconquête catholique de l'Europe centrale. - Paris : Ed. du Cerf. - 1998 [Rezension] |
| 264 | 0 | |c 1999 | |
| 773 | 0 | 8 | |i In |t Revue historique |d Paris : Presses Univ. de France, 1876- |x 0035-3264 |g Band 123 / 301 (1999), Seite 623-625 |w (DE-603)047310693 |w (DE-600)209825-8 |
| 787 | 0 | 8 | |i Rezension von |a Chaline, Olivier, 1964- |t La reconquête catholique de l'Europe centrale |d Paris : Ed. du Cerf, 1998 |h 158 S. |z 2204058386 |w (DE-603)09048357X |
| 924 | 0 | |9 2080 |a (DE-603)791345203 |b DE-2080 |c HES |d d |g / | |


